Educación personalizada
Guardat en:
| Autor principal: | |
|---|---|
| Format: | Llibre |
| Idioma: | espanyol |
| Publicat: |
Bogotá
Grupo Editor Quinto Centenario
1988
|
| Edició: | 7a. ed |
| Col·lecció: | Biblioteca de Educación
|
| Matèries: | |
| Etiquetes: |
Afegir etiqueta
Sense etiquetes, Sigues el primer a etiquetar aquest registre!
|
MARC
| LEADER | 00000nam a2200000 a 4500 | ||
|---|---|---|---|
| 001 | UCW3936 | ||
| 003 | CL-VaPUC | ||
| 008 | 890609e19880000CK |||||||||||||||||spa|d | ||
| 020 | |a 9582200014 | ||
| 082 | 0 | 4 | |a 371.394 |b GAR |2 21 |
| 100 | |a García Hoz, Víctor |e author |9 414544 | ||
| 245 | 1 | 0 | |a Educación personalizada |
| 250 | |a 7a. ed | ||
| 300 | |a 348 p | ||
| 942 | |c BK | ||
| 945 | |d 19890609 00:00:00 | ||
| 260 | |a Bogotá |b Grupo Editor Quinto Centenario |c 1988 | ||
| 650 | 7 | |a ENSEÑANZA INDIVIDUALIZADA |2 CL-VaPUC |9 307241 | |
| 650 | 7 | |a PROGRAMAS DE ACTIVIDADES EN EDUCACION |2 CL-VaPUC |9 308373 | |
| 583 | |a last modification |c 19890609 00:00:00 |k Rodrigo Vera | ||
| 490 | 0 | |a Biblioteca de Educación | |
| 999 | |c 217788 |d 217786 | ||
| 952 | |0 0 |1 0 |4 0 |6 371_394000000000000_GAR_1988 |7 0 |8 A |9 206225 |a BIBTEO |b BIBTEO |d 2019-11-15 |i 2740176 |o 371.394 GAR 1988 |p 2740176 |r 2025-01-17 |w 2019-11-15 |y BK |k ICR | ||
| 952 | |0 0 |1 0 |4 0 |6 371_394000000000000_GAR_1988 |7 0 |8 P |9 206226 |a BIBEDU |b BIBEDU |c BIBEDU_PB |d 2019-11-15 |i 2740184 |o 371.394 GAR 1988 |p 2740184 |r 2024-01-25 |w 2019-11-15 |y BK |k EDU | ||
| 952 | |0 0 |1 0 |4 0 |6 371_394000000000000_GAR_1988 |7 0 |8 P |9 206227 |a BIBEDU |b BIBEDU |c BIBEDU_PB |d 2019-11-15 |i 2740192 |o 371.394 GAR 1988 |p 2740192 |r 2024-01-25 |w 2019-11-15 |y BK |k EDU | ||